[Event "4NCL Division 1c"]
[Site "Telford, ENG"]
[Date "2017.04.29"]
[Round "9.45"]
[White "Maroroa, Sue"]
[Black "Wadsworth, Matthew J"]
[Result "0-1"]
[WhiteElo "2320"]
[BlackElo "2350"]
[PlyCount "128"]
[EventDate "2017.04.29"]
[WhiteTeam "White Rose 1"]
[BlackTeam "Guildford 2"]

1. e4 e6 2. d4 d5 3. Nd2 Nf6 4. e5 Nfd7 5. Bd3 c5 6. c3 Nc6 7. Ngf3 g6 8. h4
Be7 9. Qe2 h6 10. Qe3 cxd4 11. cxd4 a5 12. a4 Nb4 13. Nb1 b6 14. Nc3 Ba6 15.
Nb5 Bxb5 16. axb5 Rc8 17. h5 g5 18. O-O Qc7 19. Ne1 Nxd3 20. Nxd3 Qc4 21. Bd2
Qxb5 22. Bc3 Kd8 23. f4 gxf4 24. Nxf4 Rh7 25. Rac1 Bg5 26. Rf3 Rc6 27. Rcf1 Qc4
28. Qe1 a4 29. Nh3 Be7 30. Qg3 Rh8 31. Qg7 Re8 32. Qxh6 b5 33. Ng5 b4 34. Nxf7+
Kc8 35. Qg6 Rf8 36. Bd2 Qxd4+ 37. Be3 Qxb2 38. Nd6+ Bxd6 39. exd6 Rd8 40. Qxe6
Qe5 41. Qg4 Rc4 42. Qh3 Re8 43. Rf8 Rc3 44. Rxe8+ Qxe8 45. Rf3 a3 46. Bd2 Rc4
47. Rf1 Qh8 48. Rf7 Qd4+ 49. Be3 Qg4 50. Qxg4 Rxg4 51. Rf1 b3 52. Bc1 b2 53.
Bxb2 axb2 54. Rb1 Rb4 55. h6 Nf6 56. g3 Kd7 57. Kg2 Kxd6 58. Kf3 Kc5 59. g4 Nh7
60. Ke3 Kc4 61. Kf4 Kc3+ 62. Kf5 Kc2 63. Rxb2+ Kxb2 64. Kg6 Rb7 0-1

[Event "4NCL Division 1c"]
[Site "Telford, ENG"]
[Date "2017.04.29"]
[Round "9.46"]
[White "Kilpatrick, Callum"]
[Black "Gourlay, Iain"]
[Result "1/2-1/2"]
[WhiteElo "2355"]
[BlackElo "2393"]
[PlyCount "38"]
[EventDate "2017.04.29"]
[WhiteTeam "Guildford 2"]
[BlackTeam "White Rose 1"]

1. e4 c5 2. Nf3 e6 3. g3 Nc6 4. Bg2 Nf6 5. Qe2 e5 6. O-O Be7 7. c3 O-O 8. Rd1
Re8 9. d3 d6 10. h3 Bf8 11. Bg5 h6 12. Bxf6 Qxf6 13. Qe3 Rb8 14. d4 exd4 15.
cxd4 cxd4 16. Nxd4 d5 17. Nc3 dxe4 18. Nxe4 Qe5 19. Rac1 Nxd4 1/2-1/2

[Event "4NCL Division 1c"]
[Site "Telford, ENG"]
[Date "2017.04.29"]
[Round "9.47"]
[White "Gantner, Matthias"]
[Black "Povah, Nigel E"]
[Result "1/2-1/2"]
[WhiteElo "2307"]
[BlackElo "2276"]
[PlyCount "44"]
[EventDate "2017.04.29"]
[WhiteTeam "White Rose 1"]
[BlackTeam "Guildford 2"]

1. e4 c5 2. Nf3 Nc6 3. d4 cxd4 4. Nxd4 Nf6 5. Nc3 e6 6. Ndb5 d6 7. Bf4 e5 8.
Bg5 a6 9. Na3 b5 10. Nd5 Be7 11. Bxf6 Bxf6 12. c4 b4 13. Nc2 a5 14. Qf3 Bg5 15.
h4 Bh6 16. g4 Bf4 17. Nxf4 Qf6 18. O-O-O Qxf4+ 19. Qxf4 exf4 20. Rxd6 Ne5 21.
g5 Be6 22. b3 Ke7 1/2-1/2

[Event "4NCL Division 1c"]
[Site "Telford, ENG"]
[Date "2017.04.29"]
[Round "9.48"]
[White "Collas, Silvia"]
[Black "Weller, Jean-Luc"]
[Result "1/2-1/2"]
[WhiteElo "2306"]
[BlackElo "2252"]
[PlyCount "83"]
[EventDate "2017.04.29"]
[WhiteTeam "Guildford 2"]
[BlackTeam "White Rose 1"]

1. c4 e6 2. g3 d5 3. Bg2 d4 4. Nf3 Nf6 5. O-O c5 6. e3 Nc6 7. exd4 cxd4 8. d3
Bd6 9. b3 O-O 10. Bb2 e5 11. Na3 h6 12. Nc2 a5 13. a3 Rb8 14. b4 axb4 15. axb4
b5 16. c5 Bc7 17. Bc1 Nd5 18. Bd2 Bf5 19. Ra3 Ra8 20. Rxa8 Qxa8 21. Nfe1 Qa2
22. Qh5 Bg6 23. Qf3 Rd8 24. h4 Bh7 25. Qg4 f5 26. Qe2 Ncxb4 27. Nxb4 Nxb4 28.
f4 Nd5 29. fxe5 Ne3 30. Rf2 Bxe5 31. Qf3 Qa7 32. c6 Qc7 33. Bxe3 dxe3 34. Re2
Bxg3 35. Qxe3 Bxh4 36. d4 Bg6 37. Qe6+ Bf7 38. Qxf5 Rxd4 39. Qxb5 Rd1 40. Qb4
Qg3 41. c7 Qxc7 42. Qxh4 1/2-1/2